| 000 | 00642nam a2200229Ia 4500 | ||
|---|---|---|---|
| 003 | OSt | ||
| 005 | 20221007074855.0 | ||
| 006 | a|||||r|||| 00| 0 | ||
| 007 | ta | ||
| 008 | 221006b |||||||| |||| 00| 0 eng d | ||
| 024 | _a12,294 | ||
| 037 | _cTextual | ||
| 040 |
_aFLL _cFLL _beng |
||
| 041 |
_2eng _aeng |
||
| 082 | _aV2:261:9Z, K4 | ||
| 100 |
_aPrem D.R. Au. _9693267 |
||
| 245 | 0 | _aLaw of municipal powers, delegation, rules, bye laws and licences | |
| 260 |
_aNew Delhi _bArora law house India _c1964 |
||
| 300 |
_a211p _ccm. |
||
| 942 |
_hV2:261:9Z, K4 _cTEXL _2CC |
||
| 999 |
_c1153985 _d1153985 |
||